| 000 | 01462cam a2200349 a 4500 | ||
|---|---|---|---|
| 999 |
_c128671 _d128671 |
||
| 001 | 3505067 | ||
| 003 | ARRUPE | ||
| 005 | 20181129120456.0 | ||
| 008 | 950323s1995 nyua b 001 0ceng | ||
| 010 | _a 95014306 | ||
| 020 | _a0684801922 | ||
| 040 |
_aDLC _cDLC _dDLC _dCSfA _dDLC |
||
| 043 |
_af-tz--- _ae-uk--- |
||
| 050 | 0 | 0 |
_aGN50.6.L43 _bM67 1995 |
| 082 | 0 | 0 |
_a573/.092/2 _aB _220 |
| 100 | 1 |
_aMorell, Virginia. _943689 |
|
| 245 | 1 | 0 |
_aAncestral passions : _bthe Leakey family and the quest for humankind's beginnings / _cVirginia Morell. |
| 260 |
_aNew York : _bSimon & Schuster, _cc1995. |
||
| 300 |
_a638 p. : _bill. ; _c25 cm. |
||
| 504 | _aIncludes bibliographical references (p. 609-617) and index. | ||
| 600 | 1 | 0 |
_aLeakey, L. S. B. _q(Louis Seymour Bazett), _d1903-1972. _910272 |
| 600 | 1 | 0 |
_aLeakey, Mary D. _q(Mary Douglas), _d1913-1996. _943690 |
| 600 | 1 | 0 |
_aLeakey, Richard E. _936220 |
| 650 | 0 |
_aPhysical anthropologists _zTanzania _zOlduvai Gorge _vBiography. _943691 |
|
| 650 | 0 |
_aPhysical anthropologists _zGreat Britain _vBiography. _943692 |
|
| 650 | 0 |
_aFossil hominids _zTanzania _zOlduvai Gorge. _943693 |
|
| 650 | 0 |
_aExcavations (Archaeology) _zTanzania _zOlduvai Gorge. _943694 |
|
| 651 | 0 |
_aOlduvai Gorge (Tanzania) _xAntiquities. _943695 |
|
| 906 |
_a7 _bcbc _corignew _d1 _eocip _f19 _gy-gencatlg |
||
| 942 |
_2lcc _cMONOGRAPH |
||